000 00922nam a22003017a 4500
001 000744
003 DO-SdBNP
005 20180209114219.0
007 000744
008 161125b 1995 sp a ||||| |||| 00| 0 spa d
020 _a8434845199
040 _aBPMSU
_bspa
_cBPMSU
100 1 _aPuerto, Carlos,
_d1942-
245 1 0 _aLa orquesta subterránea /
_cCarlos Puerto; ilustraciones Teresa Novoa.
250 _a2ª ed.
260 _aMadrid :
_bSM,
_c1995.
300 _a109 p. :
_bil. ;
_c19 cm.
490 1 _aEl barco de vapor ;
_v90
490 1 _aBarco de vapor. Serie naranja
_v90
500 _aPara niños mayores de 9 años
500 _aIncluye datos del autor
700 _aNovoa, Teresa,
_eil.
830 0 _aEl barco de vapor ;
_v90
830 0 _aBarco de vapor. Serie naranja ;
_v90
942 _2ddc
_cBK
945 _aInventariado, 2018/MFF
956 _2LOPEREZ
_310
_620161125
_8BPMSU
_a00041
999 _c12103
_d12103